| 000 | 00620nam a2200217Ia 4500 | ||
|---|---|---|---|
| 008 | 160303s9999 xx 000 0 und d | ||
| 020 | _a971-23-3789-8 | ||
| 050 | _aFIL HC 79 | ||
| 050 | _b.I55R36 2003 c.2 | ||
| 100 | _aRamos, Christine Carmela R. | ||
| 245 | _aGlobalization and technology / | ||
| 245 | _cChristine Carmela R. Ramos. | ||
| 260 | _aManila: | ||
| 260 | _bRex Book Store, Inc., | ||
| 260 | _c2003 | ||
| 300 | _a121 pages : | ||
| 300 | _billustrations ; | ||
| 300 | _c22 cm. | ||
| 500 | _aIncludes bibliographical references and index. | ||
| 650 | _a1. Globalization. 2. Industrialization. | ||
| 999 |
_c291407 _d291407 |
||